Santovka

Zobrazenie: pohľad dvoch ležiacich ludí pri bazéne pod skokanským mostíkom

Bibliographic Details
Other Authors: Kňava, Karol, 1918-1997 (Photographer)
Format: Postcard
Language:Slovak
PhysicalDescription:1 pohľadnica farebná 15 x 11 cm
Published: Bratislava VPL 1970
Subjects:

MARC

LEADER 00000nkm a2200000 a 4500
001 vtls011704590
003 SK-MaSNL
005 20260512123520.0
007 kp co
008 231206s1970 xo g 0k|slo
040 |a SNK  |b slo  |c SNK  |e AACR2 
041 0 |a slo 
043 |a e-xo--- 
044 |a xo  |c SK 
080 |a 908(437.6)  |2 2011 
080 |a (084.121)  |2 2011 
080 |a 725.1:613.47-026.912  |2 2011 
100 1 |a Kňava, Karol,  |d 1918-1997  |4 pht  |9 158944 
245 1 0 |a Santovka  |h grafika  |c Foto Karol Kňava 
260 |a Bratislava  |b VPL  |c 1970 
300 |a 1 pohľadnica  |b farebná  |c 15 x 11 cm 
520 8 |a Zobrazenie: pohľad dvoch ležiacich ludí pri bazéne pod skokanským mostíkom 
650 0 7 |a kúpaliská  |2 SNKPH  |9 4394 
651 7 |a Santovka (Slovensko)  |2 SNKPH  |9 79341 
655 7 |a miestne pohľadnice  |2 SNKPH  |9 70510 
958 |a GC 
958 |a GBN 
958 |a OND 
999 |c 765910  |d 767840 
952 |a SNK  |b SNK  |y PREZ  |7 0  |p 17A1225635  |o snkSP 21144  |0 0  |1 0  |4 0  |d 2017-07-27  |f 1  |l 0  |r 2026-02-24 00:18:50  |w 2026-02-24